00426nam a2200169Ia 4500008004100000082001200041082001300053100002200066245002900088260002200117260000700139300000800146600002200154630002900176700002200205730002900227151121s9999||||xx |||||||||||||| ||und|| a821/Fit bHNW-1107 aFitzgerald Edward aRunaiyat of omar khayyam bBook inc new york c-- a255 aFitzgerald Edward aRunaiyat of omar khayyam aFitzgerald Edward aRunaiyat of omar khayyam